Score 0/14 Timer 02:00
5 Plays Today
Hint Food % Correct
Black Eyed ________Peas
99.5%
Red Hot ________ PeppersChili
97.8%
________ LoafMeat
90.9%
Pearl ________Jam
88%
________ RaySugar
64.5%
Bowling for ________Soup
63.9%
________ramaBanana
62.2%
Hint Food % Correct
Smashing ________Pumpkins
60%
Reel Big ________Fish
59.5%
Fiona ________Apple
56.4%
Blind ________Melon
45.6%
Buck________Cherry
35.4%
________headsLemon
23.4%
Toni ________Basil
10.8%

Today's Daily Dose

Remove Ads.
Support Sporcle.
Get the best of Sporcle when you Go Orange. This ad-free experience offers more features, more stats, and more fun while also helping to support Sporcle. Thank you for becoming a member.

You're not logged in!

Compare scores with friends on all Sporcle quizzes.
OR
Log In

Show Comments

Extras

Top Quizzes Today


Score Distribution

Your Account Isn't Verified!

In order to create a playlist on Sporcle, you need to verify the email address you used during registration. Go to your Sporcle Settings to finish the process.

Report this User

Report this user for behavior that violates our Community Guidelines.

Details: